| 000 | 00634nam a2200205 a 4500 | ||
|---|---|---|---|
| 005 | 20240215063748.0 | ||
| 008 | 020213s1999 es r 000 0 spa d | ||
| 020 | _a8474905435 | ||
| 035 | _aUPN01000116167 | ||
| 049 | _aCG | ||
| 050 | 4 |
_aQH332 _bQ4.38 |
|
| 245 | 0 | 1 |
_a¿Qué es la vida? : _bla bioética a debate / _ccoord. Angelo Scola ; tr. Belén Cabello Albendea. |
| 260 |
_aMadrid : _bEncuentro, _cc1999. |
||
| 300 | _a311 p. | ||
| 440 | 0 |
_aEstudios ; _v9 |
|
| 534 |
_pTraducción de: _tQuale vita? : la natura della bioetica |
||
| 650 | 4 |
_aBioética _93958 |
|
| 700 | 1 |
_aScola, Angelo, _d1941- _ecoord. _931979 |
|
| 905 | _aLibro | ||
| 999 |
_c88958 _d88958 |
||